000 00412cam a22001574a 4500
020 _a0664227511 (alk. paper)
041 _aENG
082 0 0 _a220.601
_bJAS
100 1 _aJasper, David.
245 1 2 _aA short introduction to hermeneutics
250 _a1st ed.
260 _aLouisville, Ky. :
_bWestminster John Knox Press,
_cc2004.
300 _axii, 148 p. ;
650 _aHermeneutics - Bible
942 _cBK
999 _c22541
_d22541